Mitos y leyendas del mundo (Record no. 172406)

MARC details
000 -LEADER
fixed length control field 00857nam a22002417a 4500
005 - DATE AND TIME OF LATEST TRANSACTION
control field 20251112125832.0
008 - FIXED-LENGTH DATA ELEMENTS--GENERAL INFORMATION
fixed length control field 161114b mx ||||| |||| 00| 0 spa d
020 ## - INTERNATIONAL STANDARD BOOK NUMBER
International Standard Book Number 9684399065 2a ed.
020 ## - INTERNATIONAL STANDARD BOOK NUMBER
International Standard Book Number 9684392044 1a ed.
050 04 - LIBRARY OF CONGRESS CALL NUMBER
Classification number BL311
Item number P68 1999
100 1# - MAIN ENTRY--PERSONAL NAME
Personal name Potter, Robert R.
Dates associated with a name 1948-
Fuller form of name [Robert Randall]
240 10 - UNIFORM TITLE
Uniform title Myths and folk tales around the world.
Language of a work español
245 10 - TITLE STATEMENT
Title Mitos y leyendas del mundo
Statement of responsibility, etc / Robert R. Potter, H. Alan Robinson ; traducción Magdalena Martínez Carreño y Lucero Aguilar.
250 ## - EDITION STATEMENT
Edition statement 2a ed.
260 ## - PUBLICATION, DISTRIBUTION, ETC. (IMPRINT)
Place of publication, distribution, etc México :
Name of publisher, distributor, etc Grupo Patria Cultural,
Date of publication, distribution, etc 1999
300 ## - PHYSICAL DESCRIPTION
Extent 403 p. :
Other physical details il. ;
Dimensions 22 cm.
650 #7 - SUBJECT ADDED ENTRY--TOPICAL TERM
Source of heading or term lemb
Topical term or geographic name as entry element Mitología
650 #7 - SUBJECT ADDED ENTRY--TOPICAL TERM
Source of heading or term lemb
Topical term or geographic name as entry element folclor
700 1# - ADDED ENTRY--PERSONAL NAME
Personal name Robinson, H. Alan,
Relator term autor
700 1# - ADDED ENTRY--PERSONAL NAME
Personal name Martínez Carreño, Magdalena,
Relator term traductor
700 1# - ADDED ENTRY--PERSONAL NAME
Personal name Aguilar, Lucero,
Relator term traductor
942 ## - ADDED ENTRY ELEMENTS (KOHA)
Source of classification or shelving scheme Biblioteca del Cogreso de los Estados Unidos
Koha item type Libro
Holdings
Estado de pérdida Fuente de clasificación Estado del daño No para préstamo Ubicación permanente Ubicación actual Apartado o colección Fecha de adquisición Fuente de adquisición Edición Dependencia de educación superior (DES) Área del conocimiento Total Checkouts Clasificación Código de Barras Date last seen Número de copia Costo por reposición Tipo de recurso
  Biblioteca del Cogreso de los Estados Unidos     Biblioteca de la Facultad de Filosofía Biblioteca de la Facultad de Filosofía General 12/11/2025 Donación 2a reimp. Humanidades Educación y Humanidades   BL311 P68 r2000 BFF000041438 12/11/2025 C:1 1.00 Libro